[Event "ICS rated blitz match"]
[Site "204.178.125.65"]
[Date "1999.09.14"]
[Round "?"]
[White "HaraldLdahl"]
[Black "Hossa"]
[Result "0-1"]
[WhiteElo "2047"]
[BlackElo "2356"]
[PlyCount "52"]
[EventDate "1999.??.??"]

1. e4 e6 2. d4 d5 3. Nd2 Nf6 4. e5 Nfd7 5. Bd3 c5 6. c3 Qg5 7. Ngf3 Qxg2 8. Rg1
Qh3 9. Rg3 Qh5 10. Rg5 Qh6 11. Nb3 Nc6 12. Rg3 Qh5 13. Rg5 Qh6 14. dxc5 Be7 15.
Rg6 Qh5 16. Rxg7 Ndxe5 17. Rg3 Nxf3+ 18. Qxf3 Qxf3 19. Rxf3 Ne5 20. Re3 Nxd3+
21. Rxd3 Rg8 22. Bf4 Rg1+ 23. Ke2 Rxa1 24. Nxa1 Bxc5 25. Rh3 e5 26. Bxe5 26...
Bxh3 {HaraldLdahl resigns} 0-1

[Event "ICS rated blitz match"]
[Site "204.178.125.65"]
[Date "1999.09.14"]
[Round "?"]
[White "HaraldLdahl"]
[Black "Hossa"]
[Result "1/2-1/2"]
[WhiteElo "2032"]
[BlackElo "2382"]
[PlyCount "32"]
[EventDate "1999.??.??"]

1. e4 e6 2. d4 d5 3. Nd2 Nf6 4. e5 Nfd7 5. Bd3 c5 6. c3 Qg5 7. Ngf3 Qxg2 8. Rg1
Qh3 9. Rg3 Qh5 10. Rg5 Qh6 11. Nb3 Nc6 12. Rg3 Qh5 13. Rg5 Qh6 14. Rg3 Qh5 15.
Rg5 Qh3 16. Rg3 16... Qh5 {Game drawn by repetition} 1/2-1/2

[Event "ICS rated blitz match"]
[Site "204.178.125.65"]
[Date "1999.09.14"]
[Round "?"]
[White "HaraldLdahl"]
[Black "Hossa"]
[Result "1/2-1/2"]
[WhiteElo "2010"]
[BlackElo "2373"]
[PlyCount "33"]
[EventDate "1999.??.??"]

1. e4 e6 2. d4 d5 3. Nd2 Nf6 4. e5 Nfd7 5. Bd3 c5 6. c3 Qg5 7. Ngf3 Qxg2 8. Rg1
Qh3 9. Rg3 Qh5 10. Rg5 Qh6 11. Nb3 cxd4 12. Rg3 Qh5 13. Rg5 Qh3 14. Rg3 Qh5 15.
Rg5 Qh3 16. Rg3 Qh5 17. Rg5 {Game drawn by repetition} 1/2-1/2

[Event "ICS rated blitz match"]
[Site "204.178.125.65"]
[Date "1999.09.15"]
[Round "?"]
[White "Hartge"]
[Black "Hossa"]
[Result "0-1"]
[WhiteElo "2354"]
[BlackElo "2389"]
[PlyCount "148"]
[EventDate "1999.??.??"]

1. e4 c5 2. c3 d5 3. exd5 Qxd5 4. d4 Nf6 5. Nf3 e6 6. Na3 cxd4 7. Nb5 Qd8 8.
Qxd4 Nbd7 9. Nd6+ Bxd6 10. Qxd6 b6 11. Nd4 Bb7 12. Nxe6 fxe6 13. Qxe6+ Qe7 14.
Qxe7+ Kxe7 15. Bf4 Rhe8 16. O-O-O Bd5 17. Kb1 Rac8 18. h3 Bc4 19. f3 Kf7 20.
Bxc4+ Rxc4 21. Bd6 Re2 22. Rh2 Rc6 23. h4 Ke6 24. g4 Rxh2 25. Bxh2 g6 26. g5
Nh5 27. Re1+ Kf7 28. Kc1 a5 29. Rd1 Ke7 30. Rd4 Ng7 31. Re4+ Re6 32. b4 a4 33.
c4 Nf5 34. Kd2 Rxe4 35. fxe4 Nxh4 36. Ke3 h6 37. gxh6 g5 38. h7 Ng6 39. Bc7 Ke6
40. Kd4 g4 41. a3 b5 42. cxb5 Ndf8 43. Bh2 Kd7 44. Kc5 Nxh7 45. b6 Kc8 46. Kc6
Ne7+ 47. Kd6 Nf6 48. Kxe7 Nxe4 49. Bg1 g3 50. Bd4 Nd2 51. Kd6 Kb7 52. Kd5 Nb1
53. Kc4 Nxa3+ 54. Kd3 Nb5 55. Bg1 Kc6 56. Kc2 g2 57. Kb2 Nd6 58. Kc1 Nc4 59.
b5+ Kb7 60. Kb1 Nxb6 61. Kc1 Nc4 62. Kc2 Ne5 63. Kd2 Nf3+ 64. Kc1 Nxg1 65. Kd2
Nf3+ 66. Kd3 g1=Q 67. Ke4 Qe1+ 68. Kxf3 Qf1+ 69. Kg4 Qxb5 70. Kg3 a3 71. Kf2 a2
72. Ke3 a1=Q 73. Kd2 Qbe5 74. Kd3 74... Qac3# {Hartge checkmated} 0-1

[Event "ICS rated blitz match"]
[Site "204.178.125.65"]
[Date "1999.09.06"]
[Round "?"]
[White "Hartge"]
[Black "Hossa"]
[Result "1/2-1/2"]
[WhiteElo "2445"]
[BlackElo "2449"]
[PlyCount "108"]
[EventDate "1999.??.??"]

1. e4 e5 2. Bc4 Bc5 3. Nf3 Nc6 4. c3 Nf6 5. d4 exd4 6. O-O dxc3 7. e5 cxb2 8.
Bxb2 Ng4 9. Bxf7+ Kxf7 10. Qd5+ Kg6 11. Qxc5 d6 12. exd6 cxd6 13. Qd5 Nce5 14.
Bxe5 Nxe5 15. Qe4+ Kh6 16. Qe3+ Kh5 17. Nxe5 dxe5 18. Qxe5+ Kh6 19. Re1 Rf8 20.
Qe3+ Kg6 21. Qe4+ Bf5 22. Qxb7 Qd3 23. Qc6+ Kf7 24. Nc3 Kg8 25. Rad1 Rac8 26.
Qd5+ Qxd5 27. Nxd5 Rb8 28. Ne7+ Kh8 29. Nxf5 Rxf5 30. Re7 Ra5 31. h3 Rxa2 32.
Rdd7 Ra1+ 33. Kh2 Rg8 34. Rxa7 Rxa7 35. Rxa7 h5 36. f4 Rf8 37. Kg3 Kh7 38. Kf3
Rc8 39. Ra3 h4 40. Ra2 Kh6 41. Kg4 Rc4 42. Rd2 g6 43. g3 hxg3 44. Kxg3 Kg7 45.
Kg4 Rc1 46. Rd7+ Kf6 47. Rd6+ Kf7 48. Rb6 Rg1+ 49. Kh4 Rf1 50. Kg3 Rg1+ 51. Kf3
Rf1+ 52. Kg3 Rg1+ 53. Kf3 Rf1+ 54. Kg3 54... Rg1+ {Game drawn by repetition}
1/2-1/2

[Event "ICS rated blitz match"]
[Site "204.178.125.65"]
[Date "1999.09.22"]
[Round "?"]
[White "Henrike"]
[Black "Hossa"]
[Result "0-1"]
[WhiteElo "2093"]
[BlackElo "2256"]
[PlyCount "102"]
[EventDate "1999.??.??"]

1. f4 d5 2. Nf3 Nc6 3. g3 Bf5 4. Bg2 e6 5. d3 Bd6 6. O-O Nf6 7. Nc3 O-O 8. Qe1
Nb4 9. Qd1 c5 10. a3 Nc6 11. Qe1 Nd4 12. Nxd4 cxd4 13. Nb5 Qb6 14. Nxd6 Qxd6
15. c3 dxc3 16. Qxc3 Rfc8 17. Qd2 Rc5 18. b4 Rc7 19. Bb2 Qd8 20. Rac1 Rcc8 21.
Rc3 Rxc3 22. Bxc3 Rc8 23. Rc1 Qc7 24. Bb2 Qb6+ 25. Kf1 Rxc1+ 26. Qxc1 Qd8 27.
Qc5 b6 28. Qc6 Ng4 29. Kg1 Ne3 30. Qb7 Nxg2 31. Kxg2 f6 32. Qxa7 d4 33. Qb7 e5
34. fxe5 Be6 35. Kf2 Bd5 36. Qa7 fxe5 37. Bc1 Qf8+ 38. Ke1 Qd6 39. Bg5 Kf8 40.
Bd8 Qxd8 41. Kd2 Qg5+ 42. Kd1 Bb3+ 43. Ke1 Qc1+ 44. Kf2 Qe3+ 45. Kf1 Bd1 46.
Qb8+ Kf7 47. Qc7+ Kg6 48. Qc6+ Kg5 49. Qg2 b5 50. Ke1 Bc2 51. Qf2 51... Qc1# {
Henrike checkmated} 0-1

[Event "ICS rated blitz match"]
[Site "204.178.125.65"]
[Date "1999.10.13"]
[Round "?"]
[White "Herby"]
[Black "Hossa"]
[Result "1/2-1/2"]
[WhiteElo "2218"]
[BlackElo "2419"]
[PlyCount "100"]
[EventDate "1999.??.??"]

1. d4 Nf6 2. Nf3 c5 3. dxc5 Na6 4. g3 Nxc5 5. Bg2 d5 6. O-O e6 7. c3 Bd6 8.
Nbd2 O-O 9. Nb3 b6 10. Bg5 Nce4 11. Bxf6 Nxf6 12. Nfd2 Ba6 13. Re1 Qc7 14. e4
Rae8 15. Nd4 e5 16. Nf5 Qd7 17. Nxd6 Qxd6 18. exd5 Nxd5 19. Ne4 Qd7 20. Ng5 Nf6
21. Qxd7 Nxd7 22. Rad1 Nf6 23. Ne4 Nxe4 24. Bxe4 Rd8 25. Bg2 f6 26. Bf1 Bxf1
27. Kxf1 Kf7 28. Ke2 f5 29. Rxd8 Rxd8 30. Rd1 Rxd1 31. Kxd1 g5 32. c4 a5 33. b3
Ke7 34. Kd2 h5 35. a3 Kd6 36. b4 axb4 37. axb4 h4 38. Kd3 hxg3 39. fxg3 g4 40.
Ke3 Kc7 41. Kf2 f4 42. gxf4 exf4 43. Kg2 Kd6 44. h4 gxh3+ 45. Kxh3 Ke5 46. Kg2
Ke4 47. Kf2 f3 48. c5 bxc5 49. bxc5 Kd5 50. Kxf3 50... Kxc5 {
Game drawn because neither player has mating material} 1/2-1/2

[Event "ICS rated blitz match"]
[Site "204.178.125.65"]
[Date "1999.09.12"]
[Round "?"]
[White "High-Command"]
[Black "Hossa"]
[Result "1-0"]
[WhiteElo "2642"]
[BlackElo "2478"]
[PlyCount "125"]
[EventDate "1999.??.??"]

1. c4 Nf6 2. g3 e5 3. Bg2 d5 4. cxd5 Nxd5 5. Nc3 Nxc3 6. bxc3 Bc5 7. e3 Qd3 8.
Qe2 Qc2 9. Qc4 Nd7 10. Be4 Nb6 11. Qxf7+ Kxf7 12. Bxc2 Bg4 13. h3 Bh5 14. Be4
Rae8 15. Bxb7 Rhf8 16. Rb1 Bd6 17. Bc6 Re6 18. d3 Kg8 19. Be4 Ref6 20. f4 exf4
21. gxf4 Na4 22. Kd2 Bf7 23. Nf3 Bxa2 24. Ra1 Bb3 25. Nd4 Rxf4 26. exf4 Bxf4+
27. Ke1 Bg3+ 28. Ke2 Nxc3+ 29. Kd2 Nxe4+ 30. dxe4 Bf7 31. Rxa7 Bg6 32. Kd3 Re8
33. Nf5 Bxf5 34. exf5 Rd8+ 35. Ke4 Kf7 36. Bf4 Bxf4 37. Kxf4 Rd4+ 38. Ke3 Rc4
39. Raa1 Rc3+ 40. Kd4 Rc2 41. Rac1 Rd2+ 42. Ke4 Rd7 43. Rhd1 Re7+ 44. Kf4 h6
45. Rd5 g6 46. fxg6+ Kxg6 47. Rc6+ Kg7 48. Rh5 Rf7+ 49. Kg4 Rd7 50. Rhxh6 Rd5
51. h4 Rb5 52. Rhg6+ Kf7 53. h5 Rb4+ 54. Kg5 Rb7 55. Rgf6+ Ke7 56. h6 Rb5+ 57.
Kg6 Rb1 58. Rxc7+ Kd8 59. Rg7 Rg1+ 60. Kh7 Rf1 61. Rxf1 Ke8 62. Kg8 Kd8 63.
Rf8# {Hossa checkmated} 1-0

[Event "ICS rated blitz match"]
[Site "204.178.125.65"]
[Date "1999.09.30"]
[Round "?"]
[White "Hossa"]
[Black "ALEMAO"]
[Result "1-0"]
[WhiteElo "2452"]
[BlackElo "2007"]
[Annotator "Fritz 5.32 (22s)"]
[PlyCount "32"]
[EventDate "1999.??.??"]

1. d4 Nf6 2. c4 e6 3. Nc3 Bb4 4. Qc2 O-O 5. a3 Bxc3+ 6. Qxc3 b6 7. Bg5 h6 (7...
a6 8. e3 d6 9. Bd3 Nbd7 10. b4 c5 11. dxc5 dxc5 12. Nf3 Bb7 13. O-O Re8 14. Qc2
h6 15. Bh4 Qe7 16. b5 e5 17. Nd2 e4 18. Be2 Ne5 19. Rad1 Rad8 20. Bxf6 Qxf6 21.
Nxe4 Qg6 22. g3 {- Gelfand,B-Rozentalis,E/Moscow 1994/CBM 45 (22)}) (7... Re8
8. Nf3 Bb7 9. Nd2 h6 10. Bh4 c5 11. dxc5 bxc5 12. e3 d6 13. Bd3 Nbd7 14. O-O a5
15. Rad1 a4 16. Nb1 Ra6 17. Rd2 Qb6 18. Bg3 Nh5 19. Rfd1 Nxg3 20. hxg3 Nf6 21.
Qc2 Qc6 22. f3 {Lorscheid,G-Eismont,O/Berlin 1998/CBM 66 ext/ - (55)}) 8. Qf3
$146 (8. Bxf6 Qxf6 9. Nf3 Bb7 10. g3 Bxf3 11. exf3 Nc6 12. O-O-O d5 13. f4 a5
14. Bg2 Rfd8 15. cxd5 exd5 16. Rhe1 a4 17. Kb1 Ra7 18. Qd3 Ne7 19. Rc1 c6 20.
Rc2 Rc7 21. Rec1 Nf5 22. Rd1 22... g6 {
Schwarz,P-Hess,R/Biel 1989/EXT 97/0-1 (57)}) 8... c6 9. Bxf6 Qxf6 10. Qxf6 gxf6
11. e4 d6 12. Nf3 e5 13. dxe5 fxe5 14. O-O-O 14... Bg4 $18 (14... f5 $5 {
muss erwogen werden} 15. exf5 15... e4 $14) 15. Rxd6 Bxf3 16. gxf3 16... c5 $2
(16... f6 $18 $142) 1-0

[Event "ICS rated blitz match"]
[Site "204.178.125.65"]
[Date "1999.09.11"]
[Round "?"]
[White "Hossa"]
[Black "Abner"]
[Result "0-1"]
[WhiteElo "2455"]
[BlackElo "2750"]
[PlyCount "84"]
[EventDate "1999.??.??"]

1. e4 c5 2. Nf3 Nc6 3. d4 cxd4 4. Nxd4 Nf6 5. Nc3 e5 6. Ndb5 d6 7. Bg5 a6 8.
Bxf6 gxf6 9. Na3 Be6 10. Bc4 b5 11. Bd5 Rc8 12. Qh5 Bxd5 13. Nxd5 b4 14. Qh4
Be7 15. Nc4 Nd4 16. Nce3 Nxc2+ 17. Nxc2 Rxc2 18. Qh6 f5 19. Qg7 Rf8 20. Qxh7
fxe4 21. Qxe4 Rxb2 22. Qc4 Bg5 23. O-O Rg8 24. Qxa6 Kf8 25. Rfb1 Rd2 26. Qc6
Kg7 27. Nxb4 Qf6 28. Rf1 Qf5 29. Qb7 Rh8 30. h3 Bh4 31. Qb6 Qf4 32. Nc6 Rh6 33.
Qa7 Rg6 34. Ne7 Bxe7 35. Qxe7 Qf3 36. g4 Qxh3 37. g5 Rd4 38. f4 Rd2 39. Qf6+
Rxf6 40. Rf2 Rxf4 41. Rxd2 Rg4+ 42. Rg2 42... Qxg2# {Hossa checkmated} 0-1

[Event "ICS rated blitz match"]
[Site "204.178.125.65"]
[Date "1999.10.16"]
[Round "?"]
[White "Hossa"]
[Black "Adrian73"]
[Result "1-0"]
[WhiteElo "2505"]
[BlackElo "2244"]
[PlyCount "55"]
[EventDate "1999.??.??"]

1. e4 c5 2. Nf3 Nc6 3. d4 cxd4 4. Nxd4 g6 5. Nc3 Bg7 6. Be3 Nf6 7. Bc4 O-O 8.
Bb3 a5 9. O-O Ng4 10. Qxg4 Nxd4 11. Qh4 Nxb3 12. axb3 Bf6 13. Bg5 Bxg5 14. Qxg5
e6 15. Qh6 d6 16. Rfd1 Qe7 17. b4 b6 18. Nb5 Rd8 19. Rd4 Ba6 20. Nc3 Bb7 21.
Rad1 Rd7 22. Na4 Qd8 23. b3 b5 24. Nc5 Rc7 25. Rxd6 Qf6 26. e5 Qe7 27. Nd7 f5
28. Nf6+ {Adrian73 resigns} 1-0

[Event "ICS rated blitz match"]
[Site "204.178.125.65"]
[Date "1999.09.19"]
[Round "?"]
[White "Hossa"]
[Black "Aesop"]
[Result "1-0"]
[WhiteElo "2568"]
[BlackElo "2372"]
[PlyCount "97"]
[EventDate "1999.??.??"]

1. d4 Nf6 2. c4 d6 3. Nc3 Nbd7 4. e4 e5 5. Nf3 Be7 6. Bd3 O-O 7. O-O c6 8. Be3
Re8 9. d5 c5 10. Nd2 Nf8 11. f3 Ng6 12. b3 Nh5 13. Bc2 Bg5 14. Bf2 Nhf4 15. Kh1
h5 16. Rc1 Bh6 17. Rg1 a6 18. Qe1 Rb8 19. a4 Bd7 20. Rd1 a5 21. Nb5 Bc8 22. Be3
Bg5 23. Nf1 h4 24. Bd2 b6 25. Qf2 Rb7 26. Bc1 f6 27. Ne3 Ne7 28. Ng4 Kf7 29.
Bxf4 Bxf4 30. Qxh4 Rh8 31. Nxd6+ Kg6 32. Nxb7 Qg8 33. Qe1 Bxg4 34. h3 Bd7 35.
Nd6 Qh7 36. Bd3 Nc8 37. Nxc8 Bxc8 38. Bf1 Bd7 39. Rd3 Kf7 40. Qf2 Qh5 41. d6
Qg5 42. Qe1 Bg3 43. Qe2 Rh4 44. Rd1 Qh6 45. Qd2 Qh7 46. Qd5+ Ke8 47. Qa8+ Kf7
48. Qb7 Ke6 49. Qd5# {Aesop checkmated} 1-0

[Event "ICS rated blitz match"]
[Site "204.178.125.65"]
[Date "1999.09.24"]
[Round "?"]
[White "Hossa"]
[Black "AlBundy"]
[Result "1/2-1/2"]
[WhiteElo "2456"]
[BlackElo "2446"]
[PlyCount "139"]
[EventDate "1999.??.??"]

1. e4 Nf6 2. Bc4 e6 3. Nc3 d5 4. exd5 exd5 5. Bb5+ Bd7 6. Bxd7+ Nbxd7 7. Nge2
Bd6 8. d4 O-O 9. O-O c6 10. Re1 Ng4 11. h3 Ngf6 12. Bg5 h6 13. Bh4 Qb6 14. Rb1
Rfe8 15. Qd3 Ne4 16. Kh1 g5 17. Bg3 Bxg3 18. Nxe4 Rxe4 19. fxg3 Rae8 20. Kg1
Ne5 21. Qd1 Nc4 22. b3 Ne3 23. Qd2 Nf5 24. c3 Qc7 25. Kf2 Qe7 26. g4 Nh4 27.
Rb2 Ng6 28. Rbb1 Qf6+ 29. Kg1 Qe6 30. Kf1 Re3 31. Ng1 Qf6+ 32. Qf2 Qxf2+ 33.
Kxf2 Rxe1 34. Rxe1 Rxe1 35. Kxe1 Nf4 36. Kf1 Kf8 37. Ne2 Nxe2 38. Kxe2 Ke7 39.
g3 Ke6 40. a4 Kd6 41. b4 Ke6 42. Kf3 Kd6 43. h4 Ke6 44. a5 Kd6 45. Ke3 Ke6 46.
h5 f6 47. Kf3 Kd6 48. Kf2 Kd7 49. Ke1 Kc8 50. Ke2 Kd8 51. Kd3 Kc7 52. c4 Kd6
53. c5+ Kd7 54. Ke2 Kc7 55. Kd2 b6 56. axb6+ axb6 57. Kc3 Kb7 58. Kd3 Ka6 59.
cxb6 Kxb6 60. Kc3 Ka6 61. Kb2 Kb6 62. Kc2 Ka6 63. Kc3 Kb6 64. Kc2 Kb7 65. Kd2
Kc7 66. Kc2 Kb7 67. Kd2 Ka6 68. Kc3 Kb5 69. Kb3 Kb6 70. Kc3 {
Game drawn by mutual agreement} 1/2-1/2

[Event "ICS rated blitz match"]
[Site "204.178.125.65"]
[Date "1999.09.24"]
[Round "?"]
[White "Hossa"]
[Black "AlBundy"]
[Result "1/2-1/2"]
[WhiteElo "2411"]
[BlackElo "2499"]
[PlyCount "71"]
[EventDate "1999.??.??"]

1. c4 e6 2. d4 d5 3. Nc3 Nf6 4. cxd5 exd5 5. Bg5 Be7 6. e3 O-O 7. Bd3 Re8 8.
Nge2 Nbd7 9. O-O Nf8 10. Qc2 c6 11. Bf5 Bxf5 12. Qxf5 Ne4 13. Nxe4 dxe4 14. Bf4
Bd6 15. Rac1 Ng6 16. Bg3 Bxg3 17. fxg3 f6 18. Nc3 Qc8 19. g4 Qxf5 20. gxf5 Ne7
21. Rf4 Nd5 22. Nxd5 cxd5 23. Rc7 Rac8 24. Rxb7 Rb8 25. Rxa7 Rxb2 26. Rg4 g5
27. fxg6 h5 28. Rf4 Rc8 29. h3 Rcc2 30. g4 Rg2+ 31. Kf1 Rh2 32. Ra8+ Kg7 33.
Kg1 Rhg2+ 34. Kf1 Rh2 35. Kg1 Rhg2+ 36. Kf1 {Game drawn by mutual agreement}
1/2-1/2

[Event "ICS rated blitz match"]
[Site "204.178.125.65"]
[Date "1999.09.08"]
[Round "?"]
[White "Hossa"]
[Black "Amateur"]
[Result "0-1"]
[WhiteElo "2538"]
[BlackElo "2492"]
[PlyCount "170"]
[EventDate "1999.??.??"]

1. d4 Nf6 2. c4 e6 3. Nc3 d5 4. cxd5 exd5 5. Bg5 Be7 6. e3 O-O 7. Bd3 c6 8.
Nge2 h6 9. Bf4 Qb6 10. b3 Na6 11. a3 Nh5 12. O-O Bg4 13. Be5 f6 14. Na4 Qd8 15.
Bxa6 bxa6 16. Bg3 Nxg3 17. fxg3 Rb8 18. Rf2 Qd7 19. Qd3 Qb7 20. Nc1 Bd6 21. Qg6
Be6 22. Rf3 a5 23. Nc3 Qe7 24. Nb1 c5 25. Ra2 Rfc8 26. Ne2 Rxb3 27. Nd2 Rbb8
28. dxc5 Bxc5 29. Nd4 Bxd4 30. exd4 Bf7 31. Qd3 Bh5 32. Re3 Rc1+ 33. Nf1 Qf7
34. Rf2 Rb6 35. Qd2 Rc4 36. Re1 Rb3 37. Re3 a4 38. Rf4 Bg6 39. Qe1 Rb1 40. Qf2
Be4 41. Re2 Qf8 42. Qe3 Ra1 43. Rb2 Rxa3 44. Qf2 Rb3 45. Rd2 Rc1 46. Ra2 a3 47.
Re2 Rb2 48. Rfxe4 dxe4 49. Rxb2 axb2 50. Qxb2 Qc8 51. Qb5 Re1 52. Qd5+ Kh8 53.
Qb5 Qc3 54. Qb8+ Kh7 55. Qf4 Qxd4+ 56. Qf2 Qxf2+ 57. Kxf2 Rc1 58. g4 Rc2+ 59.
Kg3 Re2 60. h4 a5 61. Kh2 a4 62. Ng3 a3 63. Nxe2 a2 64. Nc3 a1=Q 65. Nxe4 Qd4
66. Ng3 Qxg4 67. Nh1 Qxh4+ 68. Kg1 Kg6 69. Nf2 Kf5 70. Kf1 Qc4+ 71. Kg1 Qd4 72.
Kf1 Kf4 73. Ke2 Qe3+ 74. Kf1 Qd2 75. Nh1 Qd1+ 76. Kf2 Qxh1 77. Ke2 Qxg2+ 78.
Kd3 g5 79. Kd4 Qd2+ 80. Kc5 g4 81. Kc6 g3 82. Kc5 g2 83. Kc6 g1=Q 84. Kb7 Qd7+
85. Kb8 85... Qg8# {Hossa checkmated} 0-1

[Event "ICS rated blitz match"]
[Site "204.178.125.65"]
[Date "1999.10.03"]
[Round "?"]
[White "Hossa"]
[Black "Amateur"]
[Result "1-0"]
[WhiteElo "2391"]
[BlackElo "2419"]
[PlyCount "165"]
[EventDate "1999.??.??"]

1. e4 e5 2. Nf3 Nc6 3. Bb5 a6 4. Ba4 Nf6 5. O-O Be7 6. Re1 b5 7. Bb3 d6 8. c3
O-O 9. h3 a5 10. d4 exd4 11. Nxd4 Nxd4 12. cxd4 Bb7 13. d5 c6 14. dxc6 Bxc6 15.
Nc3 a4 16. Bc2 Rc8 17. Bd3 Qe8 18. a3 Bd7 19. Bf4 Rc5 20. Rc1 Qb8 21. Qe2 b4
22. axb4 Qxb4 23. Be3 Re5 24. f4 Ra5 25. Na2 Qb7 26. Qd2 Rh5 27. Nc3 Bc6 28.
Bd4 Rh6 29. Qc2 Nh5 30. Qf2 Bf6 31. Bxf6 Nxf6 32. Ra1 Rh5 33. Re2 Qb4 34. Rae1
Rc5 35. Rc2 Re8 36. Qe3 Qb3 37. Qd2 a3 38. bxa3 Qxa3 39. g4 Qb4 40. Re3 Qd4 41.
Ba6 Qxd2 42. Rxd2 d5 43. e5 Nd7 44. Red3 Nb6 45. Ra2 Ra8 46. g5 Nd7 47. Nd1 Rc1
48. Rdd2 Nb6 49. Kf2 Rb1 50. f5 Na4 51. Bd3 Rb3 52. Rac2 Bd7 53. Rc7 Nb6 54.
Nc3 Ra5 55. Bc2 Rb2 56. e6 fxe6 57. fxe6 Bxe6 58. Bxh7+ Kxh7 59. Rxb2 Na8 60.
Rc6 Bxh3 61. Rd2 Ra7 62. Nxd5 Bf5 63. Ke3 Ra3+ 64. Kf4 g6 65. Rh2+ Kg7 66. Nf6
Bh3 67. Rc5 Kf7 68. Rc4 Rd3 69. Ra2 Nb6 70. Rc7+ Kf8 71. Raa7 Be6 72. Rc6 Nc8
73. Rh7 Rd4+ 74. Ke5 Ne7 75. Rxe6 Rd3 76. Rhxe7 Re3+ 77. Ne4 Rf3 78. Re8+ Kg7
79. R6e7+ Rf7 80. Ke6 Rxe7+ 81. Kxe7 Kh7 82. Nf6+ Kg7 83. Rg8# {
Amateur checkmated} 1-0

[Event "ICS rated blitz match"]
[Site "204.178.125.65"]
[Date "1999.09.04"]
[Round "?"]
[White "Hossa"]
[Black "Amateur"]
[Result "1-0"]
[WhiteElo "2554"]
[BlackElo "2495"]
[PlyCount "143"]
[EventDate "1999.??.??"]

1. e4 e5 2. Nc3 Nc6 3. Bb5 Nf6 4. d3 Nd4 5. Nge2 Bb4 6. O-O c6 7. Ba4 Qa5 8.
Bb3 Nxb3 9. cxb3 d5 10. Bg5 d4 11. Bxf6 gxf6 12. a3 Bd6 13. b4 Qa6 14. Na4 Rg8
15. Rc1 Qb5 16. Ng3 a5 17. bxa5 Qxa5 18. b3 Bxa3 19. Ra1 Qb4 20. Qh5 Qxb3 21.
Qxh7 Rg5 22. Qh8+ Ke7 23. Rxa3 Qxa3 24. Nb6 Rb8 25. Nxc8+ Kd7 26. Qxf6 Rxg3 27.
Nb6+ Kc7 28. Nc4 Rxg2+ 29. Kxg2 Qc5 30. Qxf7+ Kd8 31. Qg8+ Kc7 32. Qg7+ Kd8 33.
Nxe5 Qe7 34. Nf7+ Kd7 35. Qxd4+ Kc7 36. Qg7 Qf8 37. Qe5+ Kc8 38. Ng5 Kd7 39. f4
Ra8 40. d4 Qg8 41. Kg3 Qc4 42. Qg7+ Kc8 43. Rg1 Ra3+ 44. Kh4 Ra2 45. Nf3 Qb3
46. Qf8+ Kc7 47. Rg7+ Kb6 48. Qc8 Ra7 49. Kg3 Qb1 50. Qc7+ Ka6 51. Rg5 Qb4 52.
Qb8 Qe7 53. e5 Qd7 54. f5 Kb6 55. f6 Ra3 56. Rg7 Rxf3+ 57. Kxf3 Qf5+ 58. Ke3
Qh3+ 59. Kd2 Kb5 60. Qxb7+ Kc4 61. Qxc6+ Kxd4 62. Qd7+ Qxd7 63. Rxd7+ Kxe5 64.
f7 Ke6 65. f8=Q Kxd7 66. Qf6 Ke8 67. Qg7 Kd8 68. h4 Ke8 69. h5 Kd8 70. h6 Ke8
71. h7 Kd8 72. h8=Q# {Amateur checkmated} 1-0

[Event "ICS rated blitz match"]
[Site "204.178.125.65"]
[Date "1999.09.12"]
[Round "?"]
[White "Hossa"]
[Black "Amateur"]
[Result "1-0"]
[WhiteElo "2456"]
[BlackElo "2487"]
[PlyCount "163"]
[EventDate "1999.??.??"]

1. e4 e5 2. Nf3 Nc6 3. Bb5 a6 4. Ba4 Nf6 5. O-O Be7 6. Re1 b5 7. Bb3 d6 8. c3
O-O 9. h3 Na5 10. d4 Nxb3 11. axb3 Bb7 12. Nbd2 Nd7 13. b4 Bf6 14. Nb3 exd4 15.
Na5 dxc3 16. Nxb7 Qc8 17. Nxd6 cxd6 18. Nd4 Qc4 19. bxc3 Qxc3 20. Nc2 Rfc8 21.
Re2 Qc4 22. Ra5 Nb8 23. Ra3 Nc6 24. Bd2 Re8 25. Rae3 Rac8 26. Be1 Be5 27. Kh1
Na7 28. f3 Rc7 29. Ra3 Rc6 30. Ne3 Qe6 31. Rea2 Qc8 32. Qe2 Qb7 33. Nf5 Rec8
34. Ra5 R8c7 35. Qe3 h6 36. Bd2 Rb6 37. R5a3 Rd7 38. Rd3 Rc6 39. Rd5 Nc8 40. f4
Bf6 41. Qg3 Kh8 42. Qd3 Rd8 43. e5 Be7 44. Ra5 Bf8 45. Kh2 Nb6 46. Rd4 d5 47.
Ra2 Rc4 48. Kh1 Rdc8 49. Ne3 Rxd4 50. Qxd4 Nc4 51. Rc2 Nxe3 52. Rxc8 Qxc8 53.
Qxe3 Qc4 54. Qa7 Qf1+ 55. Qg1 Qc4 56. Qa7 Qd3 57. Qxf7 Bxb4 58. Bxb4 Kh7 59. e6
Qg6 60. Qxg6+ Kxg6 61. f5+ Kf6 62. Bc3+ Ke7 63. Bxg7 h5 64. Bc3 d4 65. Bxd4 a5
66. Bc5+ Kf6 67. e7 Kf7 68. g4 hxg4 69. hxg4 Ke8 70. g5 b4 71. g6 Kd7 72. Bxb4
axb4 73. g7 Kxe7 74. g8=Q Kf6 75. Qf8+ Ke5 76. Qxb4 Kxf5 77. Qe7 Kg4 78. Qe5
Kf3 79. Kh2 Kf2 80. Qe4 Kf1 81. Kg3 Kg1 82. Qe1# {Amateur checkmated} 1-0

[Event "ICS rated blitz match"]
[Site "204.178.125.65"]
[Date "1999.09.12"]
[Round "?"]
[White "Hossa"]
[Black "Amateur"]
[Result "0-1"]
[WhiteElo "2488"]
[BlackElo "2452"]
[PlyCount "142"]
[EventDate "1999.??.??"]

1. d4 d5 2. c4 e6 3. Nc3 Be7 4. e4 dxe4 5. Nxe4 Bb4+ 6. Nc3 Nf6 7. a3 Bxc3+ 8.
bxc3 Bd7 9. Bg5 h6 10. Bxf6 Qxf6 11. Be2 Qg5 12. Bf3 Nc6 13. Rb1 Qa5 14. Ne2
Rb8 15. a4 Qa6 16. c5 Ne7 17. Ra1 O-O 18. O-O Rfd8 19. Qb3 Bc6 20. Bxc6 Qxc6
21. Qb4 Qe4 22. Ng3 Qd5 23. Qa5 Qd7 24. Rae1 a6 25. Qb4 Nc6 26. Qa3 Qd5 27. f4
Re8 28. Re2 Ne7 29. Re5 Qc4 30. f5 Nc6 31. Re3 e5 32. Rfe1 f6 33. Re4 Qd5 34.
Qc1 Qb3 35. Nh5 Qf7 36. Qd1 exd4 37. cxd4 Rbd8 38. Qg4 Rxe4 39. Rxe4 Kh8 40.
Nf4 Qb3 41. Nh5 Rg8 42. Nf4 Qxa4 43. Ng6+ Kh7 44. Ne7 Nxe7 45. Rxe7 Qa5 46. Kf2
b5 47. cxb6 cxb6 48. Qg6+ Kh8 49. Qg4 Qb4 50. Ra7 a5 51. Kg3 b5 52. Kh4 Qd2 53.
Kh5 a4 54. h4 Qe3 55. Rb7 Qe8+ 56. Qg6 Qe4 57. Rb6 a3 58. Ra6 b4 59. Rxf6 a2
60. Re6 Qb1 61. Ra6 b3 62. Qe6 b2 63. Qe5 Kh7 64. Qf4 Qd1+ 65. g4 Qc1 66. Qxc1
bxc1=Q 67. d5 Rf8 68. Rg6 a1=Q 69. d6 Qd1 70. Rxh6+ gxh6 71. d7 71... Rxf5# {
Hossa checkmated} 0-1

[Event "ICS rated blitz match"]
[Site "204.178.125.65"]
[Date "1999.09.10"]
[Round "?"]
[White "Hossa"]
[Black "Amateur"]
[Result "1-0"]
[WhiteElo "2476"]
[BlackElo "2440"]
[Annotator "Steffen A. Jakob"]
[PlyCount "149"]
[EventDate "1999.??.??"]

1. e4 e5 2. f4 exf4 3. Nf3 Nf6 4. e5 Nh5 5. Bb5 $146 ({RR} 5. Bc4 5... d5 ({RR
} 5... g6 6. d4 Bg7 7. O-O O-O 8. Nc3 d6 9. exd6 Qxd6 10. Ne4 Qc6 11. Bd3 Bf5
12. Nf2 Bxd3 13. Nxd3 Qd6 14. c3 Nd7 15. Ng5 Rad8 16. Nxf4 Nxf4 17. Bxf4 Qb6
18. Qf3 h6 19. Ne4 Rde8 20. Kh1 {
Hirschhaeuser,T-Eschenbrenner,W/Hessenliga 1994/GER 08/0-1 (54)}) 6. exd6 Bxd6
7. Qe2+ ({RR} 7. Bxf7+ 7... Kxf7 8. Ne5+ Bxe5 9. Qxh5+ g6 10. Qf3 Rf8 11. O-O
Kg7 12. c3 Qg5 13. d4 Bd6 14. Nd2 Bf5 15. Qxb7 Nd7 16. Nf3 Qg4 17. h3 Qg3 18.
Kh1 Rae8 19. Bd2 Re2 20. Rg1 Be4 21. Qb5 Bxf3 22. Qxd7+ 22... Rf7 {
0-1 Masango,M-Yousif,S/Dubai olm 1986/TD 86\02 (22)}) 7... Qe7 8. Qxe7+ Bxe7 9.
d4 Bf5 10. c3 O-O 11. O-O Nd7 12. a4 Rfe8 13. Na3 c6 14. Bb3 Bd3 15. Re1 g5 16.
Nc4 Bxc4 17. Bxc4 Bf6 18. Rxe8+ Rxe8 19. Bd2 g4 20. Re1 Rd8 21. Ne5 Bxe5 22.
dxe5 Nb6 23. Bb3 Rxd2 24. e6 fxe6 25. Bxe6+ Kf8 26. Bxg4 Nf6 27. Bf5 27... Nbd5
{0-1 Castro,A-Yeo,M/Havana op 1994/EXT 94op (27)}) 5... c6 6. Be2 d5 7. O-O Bg4
8. d4 Nd7 9. Ne1 Bxe2 10. Qxe2 Qh4 11. Nf3 Qg4 12. c4 dxc4 13. Qxc4 Be7 14. Qb3
Nb6 15. a4 Rb8 16. Nc3 O-O 17. a5 Nd7 18. Qc2 Rbe8 19. a6 b6 20. Ne2 Nb8 21.
Qd3 b5 22. h3 Qc8 23. Bxf4 Nxf4 24. Nxf4 Nxa6 25. Qb3 Kh8 26. Ra2 Rd8 27. Rfa1
Nc7 28. Rxa7 Qd7 29. Rb7 Rb8 30. Rxb8 Rxb8 31. Ra7 Rf8 32. Qc3 Rc8 33. Kh1 Ra8
34. e6 fxe6 35. Ne5 Qc8 36. Nfg6+ hxg6 37. Nxg6+ Kh7 38. Nxe7 Qd8 39. Qc2+ Kh8
40. Qc5 Nd5 41. Nxc6 Qf8 42. Rxa8 Qxa8 43. Qxb5 Qa1+ 44. Kh2 Qc1 45. Qb8+ Kh7
46. Nd8 Ne3 47. Qe5 Nf1+ 48. Kg1 Ng3+ 49. Kf2 Nh1+ 50. Kf3 Qf1+ 51. Ke3 Qg1+
52. Kd3 Qxg2 53. Qe4+ Qxe4+ 54. Kxe4 Nf2+ 55. Ke5 Nxh3 56. Nxe6 Nf2 57. d5 Ng4+
58. Kd6 Kg6 59. Kc7 Nf6 60. d6 Kf7 61. d7 Nxd7 62. Kxd7 Kf6 63. Nxg7 Ke5 64.
Kc6 Kd4 65. b4 Ke5 66. b5 Kf6 67. b6 Kxg7 68. b7 Kf6 69. b8=Q Kf5 70. Kd5 Kg4
71. Ke4 Kg5 72. Qb6 Kh4 73. Qg6 Kh3 74. Kf3 Kh2 75. Qg2# {Amateur checkmated}
1-0